Riconosci la Squadra di calcio - Quiz n°92 - Statistics

Statistiche generali
  • Questo quiz è stato fatto 15 volte
  • Il punteggio medio è 10 su 12
Statistiche sulle risposte
Indizio Risposta % Corretto
Titoli nazionali 1 Scudetto Serie D
100%
Colori sociali Bianco, verde
93%
Divisione nazionale 2023-2024 Terza
93%
Simboli Lupo
86%
Trofei internazionali 0
79%
Fondazione 1912
79%
Trofei nazionali 1 Torneo Estivo del 1986 1 Supercoppa di Lega di Prima Divisioni
79%
Rifondazione 2009
79%
Rifondazione 2018
79%
Capienza Stadio 26 000 posti
79%
Squadra Avellino
79%
Confederazione UEFA
79%
Nessun quiz corrispondente trovato
Distribuzione punteggi
Percentuale di utenti per punteggio
Percentile per numero di risposta
I tuoi punteggi nel tempo
Non hai fatto questo quiz